| 000 | 00463nam a2200145Ia 4500 | ||
|---|---|---|---|
| 008 | 221030s9999 xx 000 0 und d | ||
| 041 | _aEnglish | ||
| 082 | _a105.23 | ||
| 100 | _a- | ||
| 245 | 0 |
_aRevised Scheme & Courses Of Study For B.E. In Electronics & Communication Engineering Of The University Of Kashmir Srinagar _bB.E. III To VIII Semesters _cby - |
|
| 260 |
_bRegional Engineering College _aSrinagar _c2003 |
||
| 300 | _a113 | ||
| 650 | _aECE | ||
| 942 | _cBK | ||
| 999 |
_c757 _d757 |
||